Operacje matematyczne - Statystyki

Ogólne statystyki
  • Ten quiz został rozwiązany 33 razy
    24 od ostatniego zresetowania
  • Średni wynik to 9 z 11
Statystyki odpowiedzi
Symbol operacji Nazwa operacji % Poprawnych
+ Dodawanie
100%
÷ Dzielenie
100%
× Mnożenie
100%
- Odejmowanie
100%
Pierwiastkowanie
100%
a^ Potęgowanie
96%
log Logarytmowanie
83%
! Silnia
75%
Całkowanie
58%
|| Wartość bezwzględna
54%
f' Różniczkowanie
33%
Nie znaleziono quizów pasujących do podanych kryteriów
Rozkład punktacji
Procent ludzi z każdym wynikiem
Percentyl według liczby udzielonych odpowiedzi
Twoja historia wyników
Nie rozwiązałeś tego quizu od ostatniego zresetowania